Saltar al contenido

Атлас минералов и горных пород Атлас

Рассмотрены физико-диагностические свойства и описаны образцы минералов и горных пород. Атлас предназначен для проведения занятий по курсу «Геология» «Инженерная геология» «Науки о Земле» «Основы рационального природопользования». Для студентов вузов и ссузов горных и строительных направлений подгот...

Descripción completa

Guardado en:
Detalles Bibliográficos
Autor principal: Юхименко В.Г
Formato: Атлас
Acceso en línea:https://znanium.com/catalog/document?id=432966
https://znanium.com/cover/2092/2092460.jpg
Etiquetas: Agregar Etiqueta
Sin Etiquetas, Sea el primero en etiquetar este registro!
LEADER 01914nam0a2200289 i 4500
001 RU\infra-m\znanium\bibl\2092460
003 https://znanium.com/catalog/document?id=432966
005 20231013000000.0
010 |a 978-5-9729-1222-3 
100 |a 20231013d2023 m y0rusy0150 ca 
101 0 |a rus 
102 |a RU 
200 1 |a Атлас минералов и горных пород  |e Атлас 
210 1 |a Вологда  |c Инфра-Инженерия  |d 2023 
215 |a 168 с. 
330 |a Рассмотрены физико-диагностические свойства и описаны образцы минералов и горных пород. Атлас предназначен для проведения занятий по курсу «Геология» «Инженерная геология» «Науки о Земле» «Основы рационального природопользования». Для студентов вузов и ссузов горных и строительных направлений подготовки а также учащихся интересующихся минералогией и петрографией. 
333 |a ВО - Бакалавриат 
606 |a Науки о Земле. Экология  |x Минералогия. Петрография  |2 local 
608 |a Атлас  |2 local 
675 |a 549  |z rus 
686 |a 263  |2 rubbk 
686 |a 05.03.01  |2 okso 
686 |a 21.05.02  |2 okso 
700 1 |a Юхименко  |b В.Г.  |g Вадим Григорьевич 
801 0 |a RU  |b Общество с ограниченной ответственностью «ЗНАНИУМ»  |c 20230731  |2 rusmarc 
856 4 |a znanium.com  |m ebs_support@infra-m.ru  |n НИЦ ИНФРА-М  |u https://znanium.com/catalog/document?id=432966 
856 4 1 |a znanium.com  |d /cover/2092  |f 2092460.jpg  |q image/jpeg  |u https://znanium.com/cover/2092/2092460.jpg